European Countries that Start with S - Statistics

General Stats
  • This quiz has been taken 66 times
  • The average score is 7 of 7
Answer Stats
Answer % Correct
Switzerland
100%
Sweden
98%
Spain
94%
Slovakia
92%
Slovenia
92%
Serbia
89%
San Marino
88%
No matching quizzes found
Score Distribution
Percent of People with Each Score
Percentile by Number Answered
Your Score History
You have not taken this quiz